|
|
|
|
| LEADER |
00000 a2200000 4500 |
| 001 |
ALPHAC_27263 |
| 003 |
XX-XxUND |
| 008 |
s2019 xx |||||||||||| ||||und d |
| 020 |
|
|
|a 9789587785043
|
| 035 |
|
|
|a 9789587785043
|
| 100 |
1 |
|
|a Hutschenreuter , A
|e author
|
| 245 |
1 |
|
|a Horizonte Incierto
|
| 260 |
|
|
|a Argentina,Colombia
|b Argentina,Colombia
|c 2019-01-24 00:00:00
|
| 300 |
|
|
|a 310
|
| 520 |
|
|
|a UNA ACTUALIZADA y exhaustiva lectura geopolítica de las transformaciones e incertidumbres por las que atraviesa la transición hacia un nuevo orden mundial.Sólidamente anclado en los aportes de algunos clásicos de la geopolítica y de la escuela del realismo en relaciones internacionales, el libro de Hutschenreuter ofrece una singular visión de los poderes y de las tensiones y conflictos emergentes en el mundo contemporáneo, con una cabal comprensión de las percepciones que enfrentan a Occidente con algunos actores emergentes y de las relaciones de poder que contribuyen a los actuales dilemas de Europa y de los Estados Unidos en torno a su rol internacional y al resurgimiento de Rusia, junto con Turquía e Irán, como actores preeminentes en la dinámica internacional. El análisis que ofrece de los desencuentros latinoamericanos y de las potencialidades argentinas toma adecuada distancia de las miradas que privilegian los enfoques desde la globalización y proporciona una visión diferente de la actual proliferación de aproximaciones sinocéntricas en boga.
|
| 650 |
|
4 |
|a Horizonte
|
| 754 |
1 |
|
|a category
|c Ciencias Sociales
|
| 856 |
4 |
|
|u https://alphaeditorialcloud.uam.elogim.com/reader/horizonte-incierto
|z Texto completo
|